Nociones de merceología; primera parte /

Guardado en:
Autor Principal: Berardi, Lamberto
Otros Autores: Berardi Locci, Jorge A.
Formato: Libro
Publicado: Buenos Aires : Crespillo, 1967
Edición:10a. ed.
Materias:
Etiquetas: Agregar Etiqueta
Sin Etiquetas, Sea el primero en etiquetar este registro!
LEADER 00680nam a22002175a 4500
001 CEM.cems000988
005 20060213000000.0
008 130507s1967##################000#0#####d
003 CEMS
082 0 4 |a 660.1 
100 1 |a Berardi, Lamberto 
245 1 0 |a Nociones de merceología; primera parte / 
250 |a 10a. ed. 
260 |a Buenos Aires :  |b Crespillo,  |c 1967 
300 |a 368 p. 
505 0 |a tino.-Cinc.Esta¤o.Plomo.Mercurio.Niquel. 
653 |a Merceologia 
653 |a Quimica industrial 
700 1 |a Berardi Locci, Jorge A. 
859 |a CEMS  |b BIB. CEMS - 11 de abril  |h 660.1  |i B45a10/I  |p 1403.74  |t Ej.1 
859 |a CEMS  |b BIB. CEMS - 11 de abril  |h 660.1  |i B45a10/I  |p 1574.74  |t Ej.2